000 01538nam a2200301Ia 4500
999 _c54963
_d54963
001 22034
003 GE_BSU
005 20220928122831.0
008 181216s1992||||ge |||||||||||||| || ||
020 _a5529011063
040 _cGE_BSU
041 _ageo
080 _a94(479.22):821.353.1'01.09 ბ-25
100 _aბარამიძე, რევაზ
_914883
245 _aფარნავაზმან ძლიერ ჰყო ქუეყანა თვისი /
_cრევაზ ბარამიძე ; რედ. ი. ზაალიშვილი ; მხატვ. რ. მაჭარაშვილი.
264 _aთბილისი :
_bსაქართველო,
_c1992.
300 _a52 გვ. ;
_c20 სმ.
504 _aბიბლიოგრაფია ტექსტის შენიშვნებში
541 _h3ლ.
546 _aრეზიუმე რუსულ ენაზე
653 _aსაქართველოს ისტორია
653 _aფარნავაზი (მეფე) საქართველოს მეფეები
653 _aძველი ქართული ლიტერატურა
653 _aფარნავაზმან ძლიერ ჰყო ქუეყანა თვისი
700 _aზაალიშვილი, ი.
_eრედაქტორი
_914884
700 _aმაჭარაშვილი, რ.
_eმხატვარი
_914885
942 _cBK
_2udc